[Event "DVM U20w 2023"]
[Site "Magdeburg GER"]
[Date "2023.12.28"]
[Round "4"]
[White "Wolterink, Jule"]
[Black "Ulrich, Helena Irene"]
[Result "1/2-1/2"]
[Termination "normal"]
[Board "9.1"]
[WhiteElo "1474"]
[BlackElo "1779"]
[WhiteClock "00:03:31"]
[BlackClock "00:00:35"]
[WhiteTeam "SK Lehrte 1919"]
[BlackTeam "SK Münster 32"]
[PlyCount "81"]
[WhiteFideId "12981206"]
[BlackFideId "16256000"]
[EventCountry "GER"]
[EventRounds "7"]
[EventType "team-swiss"]
[EventDate "2023.12.26"]

1. d4 {[%clk 01:30:56]} {[%emt 00:00:04]} Nf6 {[%clk 01:30:57]} {[%emt
00:00:04]} 2. Nf3 {[%clk 01:31:22]} {[%emt 00:00:04]} g6 {[%clk 01:31:24]}
{[%emt 00:00:04]} 3. Bf4 {[%clk 01:31:47]} {[%emt 00:00:04]} Bg7 {[%clk
01:31:51]} {[%emt 00:00:02]} 4. e3 {[%clk 01:32:09]} {[%emt 00:00:09]} O-O
{[%clk 01:32:17]} {[%emt 00:00:02]} 5. Be2 {[%clk 01:32:31]} {[%emt 00:00:09]}
d6 {[%clk 01:32:42]} {[%emt 00:00:05]} 6. h3 {[%clk 01:32:34]} {[%emt
00:00:26]} Nc6 {[%clk 01:33:06]} {[%emt 00:00:07]} 7. O-O {[%clk 01:32:10]}
{[%emt 00:00:54]} Ne4 {[%clk 01:33:08]} {[%emt 00:00:28]} 8. c4 {[%clk
01:30:07]} {[%emt 00:02:32]} e5 {[%clk 01:31:21]} {[%emt 00:02:17]} 9. Bh2
{[%clk 01:27:24]} {[%emt 00:03:14]} Qe7 {[%clk 01:28:05]} {[%emt 00:03:46]} 10.
dxe5 {[%clk 01:21:35]} {[%emt 00:06:19]} dxe5 {[%clk 01:26:08]} {[%emt
00:02:27]} 11. Qc2 {[%clk 01:19:28]} {[%emt 00:02:36]} Ng5 {[%clk 01:24:05]}
{[%emt 00:02:33]} 12. Nc3 {[%clk 01:16:52]} {[%emt 00:03:07]} Be6 {[%clk
01:16:04]} {[%emt 00:08:31]} 13. b3 {[%clk 01:14:16]} {[%emt 00:03:05]} Nb4
{[%clk 00:59:11]} {[%emt 00:17:23]} 14. Qc1 {[%clk 01:09:34]} {[%emt 00:05:12]}
Nxf3+ {[%clk 00:57:57]} {[%emt 00:01:45]} 15. Bxf3 {[%clk 01:08:58]} {[%emt
00:01:06]} c6 {[%clk 00:58:12]} {[%emt 00:00:15]} 16. Rd1 {[%clk 01:06:07]}
{[%emt 00:03:20]} Rad8 {[%clk 00:56:38]} {[%emt 00:02:04]} 17. a3 {[%clk
01:00:56]} {[%emt 00:05:42]} Rxd1+ {[%clk 00:49:26]} {[%emt 00:07:42]} 18. Qxd1
{[%clk 00:59:27]} {[%emt 00:02:00]} Rd8 {[%clk 00:47:08]} {[%emt 00:02:47]} 19.
Qe2 {[%clk 00:55:17]} {[%emt 00:04:40]} Na6 {[%clk 00:36:12]} {[%emt 00:11:26]}
20. e4 {[%clk 00:45:12]} {[%emt 00:10:34]} Qg5 {[%clk 00:30:40]} {[%emt
00:06:03]} 21. Bg3 {[%clk 00:35:45]} {[%emt 00:09:56]} Nc5 {[%clk 00:22:02]}
{[%emt 00:09:09]} 22. h4 {[%clk 00:29:25]} {[%emt 00:06:50]} Qe7 {[%clk
00:22:09]} {[%emt 00:00:23]} 23. Qc2 {[%clk 00:29:15]} {[%emt 00:00:39]} h5
{[%clk 00:21:16]} {[%emt 00:01:22]} 24. Be2 {[%clk 00:28:32]} {[%emt 00:01:14]}
Bf6 {[%clk 00:18:35]} {[%emt 00:03:12]} 25. Rd1 {[%clk 00:18:40]} {[%emt
00:10:22]} Nd7 {[%clk 00:14:13]} {[%emt 00:04:52]} 26. Nd5 {[%clk 00:14:11]}
{[%emt 00:04:58]} cxd5 {[%clk 00:11:38]} {[%emt 00:03:05]} 27. cxd5 {[%clk
00:14:38]} {[%emt 00:00:02]} Bg4 {[%clk 00:11:55]} {[%emt 00:00:13]} 28. f3
{[%clk 00:14:59]} {[%emt 00:00:08]} Qc5+ {[%clk 00:11:41]} {[%emt 00:00:45]}
29. Qxc5 {[%clk 00:15:15]} {[%emt 00:00:14]} Nxc5 {[%clk 00:11:58]} {[%emt
00:00:13]} 30. fxg4 {[%clk 00:15:36]} {[%emt 00:00:09]} Nxe4 {[%clk 00:12:16]}
{[%emt 00:00:11]} 31. Be1 {[%clk 00:15:17]} {[%emt 00:00:49]} hxg4 {[%clk
00:09:09]} {[%emt 00:03:37]} 32. Bxg4 {[%clk 00:15:32]} {[%emt 00:00:16]} Nd6
{[%clk 00:08:32]} {[%emt 00:01:06]} 33. a4 {[%clk 00:14:07]} {[%emt 00:01:55]}
Bg7 {[%clk 00:05:00]} {[%emt 00:04:03]} 34. Bf2 {[%clk 00:12:14]} {[%emt
00:02:23]} f5 {[%clk 00:03:43]} {[%emt 00:01:47]} 35. Be2 {[%clk 00:12:27]}
{[%emt 00:00:16]} Ne4 {[%clk 00:02:27]} {[%emt 00:01:47]} 36. Be1 {[%clk
00:12:20]} {[%emt 00:00:36]} Bh6 {[%clk 00:01:37]} {[%emt 00:01:20]} 37. Bc4
{[%clk 00:10:17]} {[%emt 00:02:34]} Be3+ {[%clk 00:00:44]} {[%emt 00:01:22]}
38. Kf1 {[%clk 00:09:34]} {[%emt 00:01:13]} Bd4 {[%clk 00:00:46]} {[%emt
00:00:28]} 39. Bb4 {[%clk 00:08:42]} {[%emt 00:01:21]} Kg7 {[%clk 00:00:48]}
{[%emt 00:00:29]} 40. Be1 {[%clk 00:05:00]} {[%emt 00:04:12]} Nc3 {[%clk
00:00:35]} {[%emt 00:00:42]} 41. Bxc3 {[%clk 00:03:31]} {[%emt 00:02:00]}
1/2-1/2

[Event "DVM U20w 2023"]
[Site "Magdeburg GER"]
[Date "2023.12.28"]
[Round "4"]
[White "Clauß, Annika"]
[Black "Stelter, Finja"]
[Result "1-0"]
[Termination "normal"]
[Board "9.2"]
[WhiteElo "1556"]
[BlackElo "1310"]
[WhiteClock "00:28:13"]
[BlackClock "00:45:45"]
[WhiteTeam "SK Münster 32"]
[BlackTeam "SK Lehrte 1919"]
[PlyCount "89"]
[WhiteFideId "16261380"]
[BlackFideId "16298624"]
[EventCountry "GER"]
[EventRounds "7"]
[EventType "team-swiss"]
[EventDate "2023.12.26"]

1. d4 {[%clk 01:30:56]} {[%emt 00:00:03]} d5 {[%clk 01:30:55]} {[%emt
00:00:06]} 2. Bf4 {[%clk 01:31:16]} {[%emt 00:00:10]} e6 {[%clk 01:31:04]}
{[%emt 00:00:21]} 3. e3 {[%clk 01:31:26]} {[%emt 00:00:19]} Nf6 {[%clk
01:31:08]} {[%emt 00:00:26]} 4. Nf3 {[%clk 01:31:29]} {[%emt 00:00:27]} Be7
{[%clk 01:30:43]} {[%emt 00:00:56]} 5. Nbd2 {[%clk 01:31:36]} {[%emt 00:00:22]}
O-O {[%clk 01:30:49]} {[%emt 00:00:24]} 6. Bd3 {[%clk 01:31:38]} {[%emt
00:00:28]} c5 {[%clk 01:28:39]} {[%emt 00:02:41]} 7. c3 {[%clk 01:32:01]}
{[%emt 00:00:07]} Nc6 {[%clk 01:28:51]} {[%emt 00:00:18]} 8. O-O {[%clk
01:32:07]} {[%emt 00:00:24]} b6 {[%clk 01:25:26]} {[%emt 00:03:52]} 9. Rc1
{[%clk 01:27:51]} {[%emt 00:04:48]} Bb7 {[%clk 01:23:52]} {[%emt 00:02:04]} 10.
Bb1 {[%clk 01:15:24]} {[%emt 00:12:57]} Na5 {[%clk 01:13:54]} {[%emt 00:10:29]}
11. Re1 {[%clk 00:59:44]} {[%emt 00:16:10]} Ne4 {[%clk 01:10:44]} {[%emt
00:03:40]} 12. Nxe4 {[%clk 00:56:09]} {[%emt 00:04:05]} dxe4 {[%clk 01:11:05]}
{[%emt 00:00:09]} 13. Nd2 {[%clk 00:56:23]} {[%emt 00:00:16]} f5 {[%clk
01:11:01]} {[%emt 00:00:34]} 14. a3 {[%clk 00:53:55]} {[%emt 00:02:57]} Nc6
{[%clk 01:00:21]} {[%emt 00:11:10]} 15. Ba2 {[%clk 00:53:19]} {[%emt 00:01:06]}
Rf6 {[%clk 00:56:36]} {[%emt 00:04:11]} 16. Nc4 {[%clk 00:46:02]} {[%emt
00:07:51]} Rg6 {[%clk 00:47:00]} {[%emt 00:10:05]} 17. Ne5 {[%clk 00:39:43]}
{[%emt 00:06:49]} Nxe5 {[%clk 00:46:27]} {[%emt 00:01:03]} 18. Bxe5 {[%clk
00:39:54]} {[%emt 00:00:19]} Bd6 {[%clk 00:40:03]} {[%emt 00:06:55]} 19. Bxd6
{[%clk 00:37:31]} {[%emt 00:02:53]} Qxd6 {[%clk 00:40:24]} {[%emt 00:00:09]}
20. dxc5 {[%clk 00:37:50]} {[%emt 00:00:11]} Qxc5 {[%clk 00:39:50]} {[%emt
00:01:04]} 21. Qd4 {[%clk 00:37:33]} {[%emt 00:00:46]} Qxd4 {[%clk 00:34:49]}
{[%emt 00:05:31]} 22. cxd4 {[%clk 00:37:40]} {[%emt 00:00:24]} Bd5 {[%clk
00:35:01]} {[%emt 00:00:18]} 23. Bxd5 {[%clk 00:37:00]} {[%emt 00:01:10]} exd5
{[%emt 00:00:10]} 24. Rc7 {[%clk 00:37:17]} {[%emt 00:00:10]} Rd6 {[%clk
00:33:22]} {[%emt 00:02:32]} 25. Rec1 {[%clk 00:36:54]} {[%emt 00:00:53]} h6
{[%clk 00:33:21]} {[%emt 00:00:31]} 26. Re7 {[%clk 00:34:36]} {[%emt 00:02:48]}
Kh7 {[%clk 00:32:28]} {[%emt 00:01:23]} 27. Rcc7 {[%clk 00:33:46]} {[%emt
00:01:19]} Rg8 {[%emt 00:17:47]} 28. h4 {[%clk 00:17:13]} a5 {[%clk 00:27:19]}
{[%emt 00:05:26]} 29. h5 {[%clk 00:17:25]} {[%emt 00:00:18]} Rdd8 {[%clk
00:24:36]} {[%emt 00:03:12]} 30. Rf7 {[%clk 00:15:42]} {[%emt 00:02:14]} Rdf8
{[%clk 00:22:48]} {[%emt 00:02:19]} 31. Rxf8 {[%clk 00:09:56]} {[%emt
00:06:16]} Rxf8 {[%clk 00:22:31]} {[%emt 00:00:47]} 32. g3 {[%clk 00:09:35]}
{[%emt 00:00:51]} f4 {[%clk 00:18:38]} {[%emt 00:04:22]} 33. gxf4 {[%clk
00:05:07]} {[%emt 00:04:59]} Rf5 {[%clk 00:18:30]} {[%emt 00:00:38]} 34. Rb7
{[%clk 00:03:58]} {[%emt 00:01:38]} Rxh5 {[%clk 00:18:04]} {[%emt 00:00:57]}
35. Rxb6 {[%clk 00:04:02]} {[%emt 00:00:25]} Rf5 {[%clk 00:17:25]} {[%emt
00:01:08]} 36. Ra6 {[%clk 00:01:06]} {[%emt 00:03:27]} h5 {[%clk 00:15:18]}
{[%emt 00:02:37]} 37. Rxa5 {[%clk 00:00:49]} {[%emt 00:00:47]} g5 {[%clk
00:14:31]} {[%emt 00:01:18]} 38. Ra7+ {[%clk 00:00:58]} {[%emt 00:00:20]} Kg6
{[%emt 00:00:15]} 39. Ra6+ {[%clk 00:01:18]} {[%emt 00:00:09]} Rf6 {[%clk
00:14:21]} {[%emt 00:00:57]} 40. Rxf6+ {[%clk 00:01:22]} {[%emt 00:00:25]} Kxf6
{[%clk 00:14:44]} {[%emt 00:00:07]} 41. fxg5+ {[%clk 00:01:38]} {[%emt
00:00:14]} Kxg5 {[%clk 00:15:01]} {[%emt 00:00:14]} 42. b4 {[%clk 00:28:40]}
{[%emt 00:03:27]} h4 {[%clk 00:45:06]} {[%emt 00:00:26]} 43. b5 {[%clk
00:28:35]} {[%emt 00:00:34]} h3 {[%clk 00:45:24]} {[%emt 00:00:13]} 44. b6
{[%clk 00:28:39]} {[%emt 00:00:26]} Kg4 {[%clk 00:45:45]} {[%emt 00:00:08]} 45.
b7 {[%clk 00:28:13]} {[%emt 00:00:56]} 1-0

[Event "DVM U20w 2023"]
[Site "Magdeburg GER"]
[Date "2023.12.28"]
[Round "4"]
[White "Thiele, Lea-Marie"]
[Black "Jeschke, Melissa"]
[Result "0-1"]
[Termination "normal"]
[Board "9.3"]
[WhiteElo "1337"]
[BlackElo "1060"]
[WhiteClock "00:25:00"]
[BlackClock "00:30:04"]
[WhiteTeam "SK Lehrte 1919"]
[BlackTeam "SK Münster 32"]
[PlyCount "72"]
[WhiteFideId "16298616"]
[BlackFideId "34663185"]
[EventCountry "GER"]
[EventRounds "7"]
[EventType "team-swiss"]
[EventDate "2023.12.26"]

1. d4 {[%clk 01:30:58]} {[%emt 00:00:02]} f5 {[%clk 01:30:59]} {[%emt
00:00:02]} 2. Qd3 {[%clk 01:31:19]} {[%emt 00:00:08]} d5 {[%clk 01:27:05]}
{[%emt 00:04:24]} 3. Nc3 {[%clk 01:31:26]} {[%emt 00:00:22]} Nf6 {[%clk
01:26:33]} {[%emt 00:01:02]} 4. Bf4 {[%clk 01:30:49]} {[%emt 00:01:07]} e6
{[%clk 01:24:20]} {[%emt 00:02:44]} 5. Bg5 {[%clk 01:28:00]} {[%emt 00:03:17]}
b6 {[%clk 01:20:49]} {[%emt 00:04:03]} 6. g4 {[%clk 01:23:17]} {[%emt
00:05:13]} fxg4 {[%clk 01:17:11]} {[%emt 00:04:05]} 7. h3 {[%clk 01:22:06]}
{[%emt 00:01:44]} Ba6 {[%clk 01:13:50]} {[%emt 00:03:51]} 8. Qg3 {[%clk
01:20:56]} {[%emt 00:01:20]} Bd6 {[%clk 01:12:14]} {[%emt 00:02:25]} 9. Qh4
{[%clk 01:21:15]} {[%emt 00:00:09]} gxh3 {[%clk 01:11:48]} {[%emt 00:00:58]}
10. Bxh3 {[%clk 01:20:03]} {[%emt 00:01:42]} e5 {[%clk 01:09:17]} {[%emt
00:03:00]} 11. Nxd5 {[%clk 01:19:17]} {[%emt 00:01:16]} Rf8 {[%clk 01:02:07]}
{[%emt 00:07:39]} 12. Nxf6+ {[%clk 01:18:24]} {[%emt 00:01:23]} gxf6 {[%clk
00:59:49]} {[%emt 00:02:49]} 13. Bh6 {[%clk 01:16:41]} {[%emt 00:02:13]} Rg8
{[%clk 00:56:52]} {[%emt 00:03:26]} 14. Be6 {[%clk 01:17:05]} {[%emt 00:00:07]}
Rg6 {[%clk 00:55:06]} {[%emt 00:02:16]} 15. Qh5 {[%clk 01:16:29]} {[%emt
00:01:06]} Ke7 {[%clk 00:54:32]} {[%emt 00:01:02]} 16. d5 {[%clk 01:16:35]}
{[%emt 00:00:28]} Bc8 {[%clk 00:47:05]} {[%emt 00:07:57]} 17. Qf5 {[%clk
01:15:51]} {[%emt 00:01:12]} Nd7 {[%clk 00:42:49]} {[%emt 00:04:46]} 18. Bg5
{[%clk 01:14:14]} {[%emt 00:02:08]} Nf8 {[%clk 00:36:51]} {[%emt 00:06:28]} 19.
Rxh7+ {[%clk 01:10:21]} {[%emt 00:04:24]} Nxh7 {[%clk 00:37:17]} {[%emt
00:00:02]} 20. Qxg6 {[%clk 01:10:42]} {[%emt 00:00:10]} Nxg5 {[%clk 00:37:21]}
{[%emt 00:00:26]} 21. Qg7+ {[%clk 01:09:23]} {[%emt 00:01:49]} Ke8 {[%clk
00:37:29]} {[%emt 00:00:22]} 22. Bg8 {[%clk 01:09:05]} {[%emt 00:00:48]} Bf5
{[%clk 00:34:42]} {[%emt 00:03:17]} 23. O-O-O {[%clk 01:06:15]} {[%emt
00:03:20]} Bf8 {[%clk 00:33:40]} {[%emt 00:01:30]} 24. Qh8 {[%clk 01:06:10]}
{[%emt 00:00:35]} Qe7 {[%clk 00:30:31]} {[%emt 00:03:40]} 25. Qh5+ {[%clk
01:05:39]} {[%emt 00:01:00]} Kd7 {[%clk 00:30:08]} {[%emt 00:00:53]} 26. Nf3
{[%clk 01:05:12]} {[%emt 00:00:56]} Qg7 {[%clk 00:29:01]} {[%emt 00:01:37]} 27.
Nxg5 {[%clk 01:02:34]} {[%emt 00:03:08]} Qxg5+ {[%clk 00:28:13]} {[%emt
00:01:20]} 28. Qxg5 {[%clk 01:02:59]} {[%emt 00:00:05]} fxg5 {[%clk 00:28:29]}
{[%emt 00:00:14]} 29. f3 {[%clk 01:02:55]} {[%emt 00:00:34]} g4 {[%clk
00:28:27]} {[%emt 00:00:32]} 30. e4 {[%clk 01:03:09]} {[%emt 00:00:16]} gxf3
{[%clk 00:28:35]} {[%emt 00:00:23]} 31. exf5 {[%clk 01:03:07]} {[%emt
00:00:31]} Bh6+ {[%clk 00:29:03]} {[%emt 00:00:01]} 32. Kb1 {[%clk 01:02:43]}
{[%emt 00:00:54]} Rxg8 {[%clk 00:29:25]} {[%emt 00:00:08]} 33. b3 {[%clk
00:45:37]} {[%emt 00:17:37]} f2 {[%clk 00:29:38]} {[%emt 00:00:16]} 34. Kb2
{[%clk 00:37:55]} {[%emt 00:08:12]} Rg1 {[%clk 00:30:00]} {[%emt 00:00:07]} 35.
Rd3 {[%clk 00:30:44]} {[%emt 00:07:42]} f1=Q {[%clk 00:30:17]} {[%emt
00:00:13]} 36. Kc3 {[%clk 00:25:00]} {[%emt 00:06:13]} e4 {[%clk 00:30:04]}
{[%emt 00:00:45]} 0-1

[Event "DVM U20w 2023"]
[Site "Magdeburg GER"]
[Date "2023.12.28"]
[Round "4"]
[White "Golden, Roshaniya"]
[Black "Daoud, Shahnaz"]
[Result "1-0"]
[Termination "normal"]
[Board "9.4"]
[WhiteElo "968"]
[BlackElo "1346"]
[WhiteClock "00:57:01"]
[BlackClock "00:02:46"]
[WhiteTeam "SK Münster 32"]
[BlackTeam "SK Lehrte 1919"]
[PlyCount "99"]
[WhiteFideId "34681663"]
[BlackFideId "16297750"]
[EventCountry "GER"]
[EventRounds "7"]
[EventType "team-swiss"]
[EventDate "2023.12.26"]

1. e4 {[%clk 01:30:59]} {[%emt 00:00:01]} c6 {[%clk 01:30:55]} {[%emt
00:00:05]} 2. Nf3 {[%clk 01:31:21]} {[%emt 00:00:07]} d5 {[%clk 01:31:18]}
{[%emt 00:00:07]} 3. Nc3 {[%clk 01:31:47]} {[%emt 00:00:05]} Bg4 {[%clk
01:31:37]} {[%emt 00:00:10]} 4. h3 {[%clk 01:31:51]} {[%emt 00:00:27]} Bxf3
{[%clk 01:31:59]} {[%emt 00:00:07]} 5. Qxf3 {[%clk 01:32:02]} {[%emt 00:00:20]}
dxe4 {[%clk 01:32:23]} {[%emt 00:00:05]} 6. Nxe4 {[%clk 01:32:00]} {[%emt
00:00:33]} Nd7 {[%clk 01:32:50]} {[%emt 00:00:02]} 7. Bc4 {[%clk 01:30:55]}
{[%emt 00:01:35]} Ne5 {[%clk 01:32:34]} {[%emt 00:00:47]} 8. Qb3 {[%clk
01:29:46]} {[%emt 00:01:38]} Nxc4 {[%clk 01:32:19]} {[%emt 00:00:45]} 9. Qxc4
{[%clk 01:30:06]} {[%emt 00:00:12]} e6 {[%clk 01:31:46]} {[%emt 00:01:02]} 10.
d3 {[%clk 01:29:38]} {[%emt 00:00:58]} Be7 {[%clk 01:31:26]} {[%emt 00:00:50]}
11. O-O {[%clk 01:28:40]} {[%emt 00:01:27]} Nf6 {[%clk 01:28:42]} {[%emt
00:03:14]} 12. Ng3 {[%clk 01:28:27]} {[%emt 00:00:42]} O-O {[%clk 01:27:10]}
{[%emt 00:02:03]} 13. Bg5 {[%clk 01:26:53]} {[%emt 00:02:04]} Nd5 {[%clk
01:14:47]} {[%emt 00:12:53]} 14. Bd2 {[%clk 01:24:56]} {[%emt 00:02:26]} Qc7
{[%clk 01:00:24]} {[%emt 00:14:52]} 15. Rfe1 {[%clk 01:21:43]} {[%emt
00:03:44]} Rfd8 {[%clk 00:51:05]} {[%emt 00:09:50]} 16. Qg4 {[%clk 01:13:06]}
{[%emt 00:09:07]} Nf6 {[%clk 00:42:58]} {[%emt 00:08:38]} 17. Qf3 {[%clk
01:12:22]} {[%emt 00:01:13]} Rd7 {[%clk 00:34:28]} {[%emt 00:09:00]} 18. Bc3
{[%clk 01:10:47]} {[%emt 00:02:05]} Rd5 {[%clk 00:25:04]} {[%emt 00:09:55]} 19.
h4 {[%clk 01:05:07]} {[%emt 00:06:11]} h5 {[%clk 00:19:43]} {[%emt 00:05:52]}
20. Bxf6 {[%clk 01:01:50]} {[%emt 00:03:46]} Bxf6 {[%clk 00:19:14]} {[%emt
00:00:59]} 21. Nxh5 {[%clk 01:01:24]} {[%emt 00:00:57]} Rf5 {[%clk 00:16:42]}
{[%emt 00:03:01]} 22. Nxf6+ {[%clk 01:01:04]} {[%emt 00:00:50]} Rxf6 {[%clk
00:16:43]} {[%emt 00:00:28]} 23. Qe3 {[%clk 00:59:47]} {[%emt 00:01:47]} Qb6
{[%clk 00:13:59]} {[%emt 00:03:14]} 24. Qxb6 {[%clk 00:59:44]} {[%emt
00:00:34]} axb6 {[%clk 00:14:25]} {[%emt 00:00:04]} 25. a4 {[%clk 00:59:48]}
{[%emt 00:00:26]} Rf4 {[%clk 00:14:19]} {[%emt 00:00:33]} 26. Re4 {[%clk
00:59:36]} {[%emt 00:00:45]} Rxe4 {[%clk 00:12:43]} {[%emt 00:02:06]} 27. dxe4
{[%clk 00:59:54]} {[%emt 00:00:13]} Rd8 {[%clk 00:12:53]} {[%emt 00:00:19]} 28.
b3 {[%clk 00:58:59]} {[%emt 00:01:25]} Rd2 {[%clk 00:10:58]} {[%emt 00:02:24]}
29. Rc1 {[%clk 00:59:09]} {[%emt 00:00:20]} Kf8 {[%clk 00:11:02]} {[%emt
00:00:28]} 30. Kf1 {[%clk 00:59:23]} {[%emt 00:00:16]} Ke7 {[%clk 00:10:54]}
{[%emt 00:00:38]} 31. Ke1 {[%clk 00:59:35]} {[%emt 00:00:18]} Rd6 {[%clk
00:10:53]} {[%emt 00:00:30]} 32. Rd1 {[%clk 00:59:45]} {[%emt 00:00:20]} Rxd1+
{[%clk 00:11:06]} {[%emt 00:00:17]} 33. Kxd1 {[%clk 01:00:12]} {[%emt
00:00:02]} Kd6 {[%clk 00:11:24]} {[%emt 00:00:13]} 34. f4 {[%clk 00:58:36]}
{[%emt 00:02:06]} f5 {[%clk 00:07:37]} {[%emt 00:04:16]} 35. exf5 {[%clk
00:57:25]} {[%emt 00:01:42]} exf5 {[%clk 00:08:00]} {[%emt 00:00:06]} 36. Ke2
{[%clk 00:57:32]} {[%emt 00:00:24]} Kd5 {[%clk 00:08:01]} {[%emt 00:00:29]} 37.
Kf3 {[%clk 00:57:30]} {[%emt 00:00:32]} Ke6 {[%clk 00:06:11]} {[%emt 00:02:20]}
38. g4 {[%clk 00:57:18]} {[%emt 00:00:43]} fxg4+ {[%clk 00:06:02]} {[%emt
00:00:39]} 39. Kxg4 {[%clk 00:57:45]} {[%emt 00:00:02]} Kf6 {[%clk 00:06:15]}
{[%emt 00:00:17]} 40. c4 {[%clk 00:56:08]} {[%emt 00:02:07]} g6 {[%clk
00:04:57]} {[%emt 00:01:48]} 41. b4 {[%clk 00:55:36]} {[%emt 00:01:03]} b5
{[%clk 00:01:56]} {[%emt 00:03:31]} 42. axb5 {[%clk 00:55:24]} {[%emt
00:00:42]} cxb5 {[%clk 00:02:20]} {[%emt 00:00:06]} 43. c5 {[%clk 00:55:25]}
{[%emt 00:00:28]} Ke6 {[%clk 00:01:29]} {[%emt 00:01:21]} 44. Kg5 {[%clk
00:55:33]} {[%emt 00:00:22]} Kd5 {[%clk 00:01:51]} {[%emt 00:00:07]} 45. Kxg6
{[%clk 00:55:49]} {[%emt 00:00:14]} Kc4 {[%clk 00:02:03]} {[%emt 00:00:18]} 46.
h5 {[%clk 00:56:00]} {[%emt 00:00:20]} Kxb4 {[%clk 00:02:11]} {[%emt 00:00:20]}
47. h6 {[%clk 00:56:24]} {[%emt 00:00:06]} Ka3 {[%clk 00:02:34]} {[%emt
00:00:07]} 48. h7 {[%clk 00:56:45]} {[%emt 00:00:09]} b4 {[%clk 00:02:36]}
{[%emt 00:00:28]} 49. h8=Q {[%clk 00:57:05]} {[%emt 00:00:10]} b3 {[%clk
00:02:46]} {[%emt 00:00:20]} 50. Qa1+ {[%clk 00:57:01]} {[%emt 00:00:33]} 1-0

[Event "DVM U20w 2023"]
[Site "Magdeburg GER"]
[Date "2023.12.28"]
[Round "4"]
[White "Schönfeld, Emily"]
[Black "Bilogolovko, Anna"]
[Result "0-1"]
[Termination "normal"]
[Board "10.3"]
[WhiteElo "778"]
[BlackElo "1455"]
[WhiteClock "01:19:30"]
[BlackClock "01:29:35"]
[WhiteTeam "SV Eintracht Tangerhütte"]
[BlackTeam "SC Strateg Stuttgart"]
[PlyCount "62"]
[WhiteFideId "34681647"]
[BlackFideId "34163085"]
[EventCountry "GER"]
[EventRounds "7"]
[EventType "team-swiss"]
[EventDate "2023.12.26"]

1. e4 {[%clk 01:30:40]} {[%emt 00:00:20]} e5 {[%clk 01:30:57]} {[%emt
00:00:04]} 2. d4 {[%clk 01:30:28]} {[%emt 00:00:42]} exd4 {[%clk 01:30:57]}
{[%emt 00:00:31]} 3. c3 {[%clk 01:30:47]} {[%emt 00:00:11]} dxc3 {[%clk
01:31:06]} {[%emt 00:00:21]} 4. Bc4 {[%clk 01:31:05]} {[%emt 00:00:11]} Bb4
{[%clk 01:31:18]} {[%emt 00:00:19]} 5. Qh5 {[%clk 01:30:38]} {[%emt 00:00:56]}
cxb2+ {[%clk 01:31:24]} {[%emt 00:00:25]} 6. Nd2 {[%clk 01:30:17]} {[%emt
00:00:50]} Bxd2+ {[%clk 01:31:39]} {[%emt 00:00:15]} 7. Kxd2 {[%clk 01:30:28]}
{[%emt 00:00:18]} bxc1=Q+ {[%emt 00:00:21]} 8. Kxc1 {[%emt 00:02:18]} Qf6
{[%clk 01:28:50]} {[%emt 00:00:42]} 9. Kd2 {[%clk 01:30:08]} {[%emt 00:00:49]}
Qd4+ {[%clk 01:29:01]} {[%emt 00:00:19]} 10. Kc2 {[%clk 01:28:54]} {[%emt
00:01:44]} Qxc4+ {[%clk 01:29:02]} {[%emt 00:00:30]} 11. Kb1 {[%clk 01:28:39]}
{[%emt 00:00:43]} Qxe4+ {[%clk 01:29:00]} {[%emt 00:00:33]} 12. Kb2 {[%clk
01:28:21]} {[%emt 00:00:48]} d6 {[%clk 01:28:45]} {[%emt 00:00:46]} 13. Nf3
{[%clk 01:27:51]} {[%emt 00:00:58]} Qb4+ {[%clk 01:28:51]} {[%emt 00:00:24]}
14. Kc1 {[%clk 01:27:40]} {[%emt 00:00:41]} Qc3+ {[%clk 01:27:58]} {[%emt
00:01:24]} 15. Kd1 {[%clk 01:27:40]} {[%emt 00:00:26]} Qxa1+ {[%clk 01:28:11]}
{[%emt 00:00:20]} 16. Ke2 {[%clk 01:27:37]} {[%emt 00:00:34]} Qxh1 {[%clk
01:28:07]} {[%emt 00:00:34]} 17. Ng5 {[%clk 01:27:38]} {[%emt 00:00:26]} Nh6
{[%clk 01:28:03]} {[%emt 00:00:37]} 18. Kd2 {[%clk 01:23:17]} {[%emt 00:04:51]}
Nc6 {[%clk 01:27:29]} {[%emt 00:01:03]} 19. Qf3 {[%clk 01:21:40]} {[%emt
00:02:07]} O-O {[%clk 01:27:06]} {[%emt 00:00:54]} 20. Ne4 {[%clk 01:21:24]}
{[%emt 00:00:46]} f5 {[%clk 01:26:52]} {[%emt 00:00:44]} 21. Ng3 {[%clk
01:21:33]} {[%emt 00:00:21]} Qb1 {[%clk 01:27:00]} {[%emt 00:00:23]} 22. Nh5
{[%clk 01:21:52]} {[%emt 00:00:12]} Qxa2+ {[%clk 01:27:12]} {[%emt 00:00:18]}
23. Ke1 {[%clk 01:21:30]} {[%emt 00:00:50]} Re8+ {[%clk 01:27:32]} {[%emt
00:00:11]} 24. Kd1 {[%clk 01:20:51]} {[%emt 00:01:07]} Qa1+ {[%clk 01:27:41]}
{[%emt 00:00:23]} 25. Kd2 {[%clk 01:21:00]} {[%emt 00:00:20]} Qe1+ {[%clk
01:28:04]} {[%emt 00:00:07]} 26. Kc2 {[%clk 01:20:57]} {[%emt 00:00:32]} Nd4+
{[%clk 01:28:28]} {[%emt 00:00:06]} 27. Kb2 {[%clk 01:20:30]} {[%emt 00:00:57]}
Re2+ {[%clk 01:28:38]} {[%emt 00:00:21]} 28. Ka3 {[%clk 01:20:34]} {[%emt
00:00:27]} Nxf3 {[%clk 01:28:36]} {[%emt 00:00:32]} 29. gxf3 {[%clk 01:20:40]}
{[%emt 00:00:24]} Qb1 {[%clk 01:28:50]} {[%emt 00:00:15]} 30. Nf6+ {[%clk
01:19:14]} {[%emt 00:01:55]} gxf6 {[%clk 01:29:07]} {[%emt 00:00:13]} 31. h3
{[%clk 01:19:30]} {[%emt 00:00:14]} Ra2# {[%clk 01:29:35]} {[%emt 00:00:04]}
0-1